000 01346nam a2200229Ia 4500
003 Ost
005 20260507075117.0
008 260507s9999||||xx |||||||||||||| ||und||
020 _a6030339957
040 _cfsecg
041 _aara
082 _a657.3
100 _aالحيالي، وليد ناجي
_eمؤلف
245 0 _aالإتجاهات المعاصرة في التحليل المالي :
_bمنهج علمي وعملي متكامل /
_c وليد ناجي الحيالي
260 _aعمان:
_bالوراق للنشر والتوزيع,
_c2004
300 _a272 صفحة؛
_bإيضاحات ؛
_c25 سم
520 _aمقومات وخطوات التحليل المالي- الطرق والأساليب الفنية المستخدمة في التحليل المالي- النسب المالية لقائمة الدخل- النسب المشتركة والنسب المعيارية- المقارنات (الإتجاهات) الرأسية- الأساليب البحثية- تحليل مؤشرات نتائج الآداء- تحليل المبيعات- تحليل قوى العمل الحي- التحليل المالي لأغراض التنبؤ بالفشل المالي
653 _aالتحليل المالي
653 _aالرياضيات المالية
653 _aالمحاسبة التحليلية
942 _cكتاب
999 _c43032
_d43032